Dear mother Putnam (Record no. 59220)

MARC details
000 -LEADER
fixed length control field 00584nam a22001697a 4500
005 - DATE AND TIME OF LATEST TRANSACTION
control field 20221027140514.0
040 ## - CATALOGING SOURCE
Transcribing agency urs
050 ## - LIBRARY OF CONGRESS CALL NUMBER
Classification number D 802 P5 L53 2014
100 ## - MAIN ENTRY--PERSONAL NAME
9 (RLIN) 2790
Personal name Lichauco, Marcial P.
Relator term author
245 ## - TITLE STATEMENT
Title Dear mother Putnam
Remainder of title life and death in Manila during the Japanese occupation 1941-1945
Statement of responsibility, etc Marcial P. Lichauco
260 ## - PUBLICATION, DISTRIBUTION, ETC. (IMPRINT)
Place of publication, distribution, etc Manila
Name of publisher, distributor, etc Green Pagoda Press Limited
Date of publication, distribution, etc 2014
336 ## - CONTENT TYPE
Source rdacontent
Content type term text
Content type code txt
337 ## - MEDIA TYPE
Source rdamedia
Media type term unmediated
Media type code n
338 ## - CARRIER TYPE
Source rdacarrier
Carrier type term volume
Carrier type code nc
651 #0 - SUBJECT ADDED ENTRY--GEOGRAPHIC NAME
9 (RLIN) 2791
Geographic name Philippines
General subdivision History
Chronological subdivision Japanese occupation, 1942-1945
942 ## - ADDED ENTRY ELEMENTS (KOHA)
Source of classification or shelving scheme Library of Congress Classification
Koha item type Filipiniana
Holdings
Withdrawn status Lost status Source of classification or shelving scheme Damaged status Not for loan Home library Current library Shelving location Date acquired Total Checkouts Full call number Barcode Date last seen Price effective from Koha item type
    Library of Congress Classification     Binangonan College Library Binangonan College Library Filipiniana Section 10/27/2022   D 802 P5 L53 2014 URSBIN-3545 10/27/2022 10/27/2022 Filipiniana

University of Rizal System
Email us at univlibservices@urs.edu.ph

Visit our Website www.urs.edu.ph/library